Normal view
MARC view
- Construction contracts
Entry Topical Term
001 - CONTROL NUMBER
- control field: 1026
003 - CONTROL NUMBER IDENTIFIER
- control field: NUST
005 - DATE AND TIME OF LATEST TRANSACTION
- control field: 20170518111611.0
008 - FIXED-LENGTH DATA ELEMENTS
- fixed length control field: 170518|| aca||aabn | a|a d
040 ## - CATALOGING SOURCE
- Original cataloging agency: NUST
- Transcribing agency: NUST
150 ## - HEADING--TOPICAL TERM
- Topical term or geographic name entry element: Construction contracts
- Geographic subdivision: England.
670 ## - SOURCE DATA FOUND
- Source citation: Work cat.: (NUST)0: Carnell, Nicholas J. 1025, Causation and delay in construction disputes /, c2005.
